MARC

LEADER 00000nam0a2200000 4500
001 255826
005 20231101233047.0
035 |a (RuTPU)RU\TPU\book\278385 
090 |a 255826 
100 |a 20140402d1989 k y0rusy50 ca 
101 0 |a rus 
102 |a RU 
105 |a a z 001zy 
200 1 |a Вопросы переобразовательной техники и частотного электропривода  |e межвузовский научный сборник  |f Саратовский политехнический институт (СПИ) ; под ред. И. И. Кантера 
210 |a Москва  |c Изд-во Саратовского политехнического ин-та  |d 1989 
215 |a 77 с.  |c ил. 
320 |a Библиография в конце статей 
606 1 |a Преобразователи  |2 stltpush  |3 (RuTPU)RU\TPU\subj\51155  |9 69758 
606 1 |a Электроприводы  |2 stltpush  |3 (RuTPU)RU\TPU\subj\20689  |9 45775 
610 1 |a преобразователи напряжения 
610 1 |a преобразователи переменного тока 
610 1 |a преобразователи мощности 
610 1 |a электроприводы частотные 
610 1 |a компенсаторы 
610 1 |a асинхронные приводы 
610 1 |a преобразовательные системы 
610 1 |a проектирование 
675 |a 621.314  |v 3 
675 |a 62-83  |v 3 
702 1 |a Кантер  |b И. И.  |4 340 
712 0 2 |a Саратовский политехнический институт (СПИ)  |c (1960-1992)  |2 stltpush  |3 (RuTPU)RU\TPU\col\283 
801 1 |a RU  |b 63413507  |c 20140402 
801 2 |a RU  |b 63413507  |c 20170217  |g RCR 
942 |c BK